Nelson Mandela người tù từ thế kỉ

Tập sách được lược dịch dựa trên hội kí của Tổng thống nước Cộng hòa Nam Phi Nelson Mandela, người đã bị chế độ phân biệt chủng tộc ( Apartheid ) kết án tù chung thân, và ông đã thực sự ở tù 27 năm....

全面介紹

Đã lưu trong:
書目詳細資料
主要作者: Nelson Mandela
格式: 圖書
語言:Undetermined
出版: Tp. HCM Trẻ 1998
標簽: 添加標簽
沒有標簽, 成為第一個標記此記錄!
Thư viện lưu trữ: Trung tâm Học liệu Trường Đại học Cần Thơ
LEADER 00787nam a2200169Ia 4500
001 CTU_27105
008 210402s9999 xx 000 0 und d
082 |a 320.9 
082 |b M271 
100 |a Nelson Mandela 
245 0 |a Nelson Mandela người tù từ thế kỉ 
245 0 |c Nelson Mandela; Dịch giả: Trần Nhu 
260 |a Tp. HCM 
260 |b Trẻ 
260 |c 1998 
520 |a Tập sách được lược dịch dựa trên hội kí của Tổng thống nước Cộng hòa Nam Phi Nelson Mandela, người đã bị chế độ phân biệt chủng tộc ( Apartheid ) kết án tù chung thân, và ông đã thực sự ở tù 27 năm. 
980 |a Trung tâm Học liệu Trường Đại học Cần Thơ